000 00763nam a2200181 a 4500
003 0
005 20250514083922.0
008 970101s19uu xx 00 eng d
050 _aPHS HD 8039.T72
_b.B47 2004
100 _aBermudez, Jose Miguel V.
245 _aA Study on the profiles of the tricycle drivers of San Antonio Valley VI (VATODA) of Parañaque City /
_cJose Miguel V. Bermudez.
260 _aLas Piñas City, Philippines :
_bSouthville International School and Colleges,
_c2004.
300 _a45 pages :
_billustrations ;
_c28 cm.
504 _aIncludes bibliographical references.
650 _2Library of Congress Subject Headings
_aTricycle drivers
_zPhilippines
_zParañaque City
_xSocial conditions.
942 _2lcc
_cPASS
999 _c97085
_d97085